00559nam a2200181 a 45000010010000000030011000100080041000210350026000620820014000881000013001022450063001152600051001786500012002299420012002419520089002539980020003429990015003620000-8677ELIB.Books110520 1979  a(ELIB.Books)0000-8823 a266 bHoe aHoekstra aThe World Council of Churches and the Demise of Evangelism bWheaton: Tyndale House Publishers, Inc. c1979 aMission 2ddccBK 00102ddc4070aKBTSbKBTSd2011-05-20l0p610r2022-01-22 00:00:00w2022-01-22yBK cbate2011-05-20 c8677d8677